Business statistics and mathematics II: for I BCom II semester. (Record no. 108357)
[ view plain ]
| 000 -LEADER | |
|---|---|
| fixed length control field | 00380nam a2200133Ia 4500 |
| 008 - FIXED-LENGTH DATA ELEMENTS--GENERAL INFORMATION | |
| fixed length control field | 210210b2006 xxu||||| |||| 00| 0 eng d |
| 082 ## - DEWEY DECIMAL CLASSIFICATION NUMBER | |
| Classification number | 519.5 RAJB |
| 100 ## - MAIN ENTRY--PERSONAL NAME | |
| Personal name | RAJ (Dorai S N). |
| 245 ## - TITLE STATEMENT | |
| Title | Business statistics and mathematics II: for I BCom II semester. |
| 260 ## - PUBLICATION, DISTRIBUTION, ETC. | |
| Place of publication, distribution, etc. | Mangalore |
| Name of publisher, distributor, etc. | United Publishers |
| Date of publication, distribution, etc. | 2006 |
| 300 ## - PHYSICAL DESCRIPTION | |
| Extent | 342 |
| 690 ## - LOCAL SUBJECT ADDED ENTRY--TOPICAL TERM (OCLC, RLIN) | |
| Topical term or geographic name as entry element | Business Statistics |
| 906 ## - LOCAL DATA ELEMENT F, LDF (RLIN) | |
| a | 061749 |
| Withdrawn status | Lost status | Source of classification or shelving scheme | Damaged status | Not for loan | Collection code | Home library | Current library | Date acquired | Source of acquisition | Cost, normal purchase price | Total Checkouts | Full call number | Barcode | Date last seen | Date last checked out | Price effective from | Koha item type |
|---|---|---|---|---|---|---|---|---|---|---|---|---|---|---|---|---|---|
| Dewey Decimal Classification | Statistics | St Aloysius Library | St Aloysius Library | 02/17/2021 | West Coast Paper and Stationers Mangalore-1 | 130.00 | 1 | 519.5 RAJB | 061749 | 07/18/2023 | 07/18/2023 | 02/17/2021 | Book |